000 00376pab a2200157 454500
008 180718b2006 xxu||||| |||| 00| 0 eng d
100 _aJugale, V. B.
245 _aLocal level rain harvesting techniques in Sangli district
260 _c2006
300 _ap.3-10.
362 _aJan-Mar
650 _aHarvesting
650 _aRain
773 _aBhagirath
909 _a72153
999 _c72153
_d72153